000
00422nam a2200145Ia 4500
008
090124s9999 xx 000 0 und d
082
_b
400450
245
_a
पाचुची दीपमाळ
250
_a
1
260
_b
जहागिरदार विजया
_c
1977
300
_a
31
630
_a
पाचुची दीपमाळ
730
_a
पाचुची दीपमाळ
942
_c
BOOK
999
_c
196371
_d
196371